1704 1046 1502 1193 1786 1772 1714 1358 1779 1765 1198 1022 1086 1582 1883 1383 1023 1441 1189 1487 1055 1903 1893 1575 1110 1224 1874 1989 1525 1152 1081 1995 1964 1632 1070 1129 1378 1895 1293 1942 1810 1712 1412 1644 1271 1345 1331 1458 1776 1448 1209 1973 1610 1858 1337 1306 1965 1831 1718 1314 1270 1343 2000 1896 1891 1622 1922 1687 1462 1434 1343 1947 1758 1684 1250 1465 1658 1120 1609 1434 1360 1600 1650 1812 1832 1912 1986 1482 1634 1219 1165 1404 1493 1481 1541 1602 1971 1181 1489 BCNSPRNW ULIB Ver.6.0+V

เปลี่ยนเป็นภาษาไทย

Change to English
 แสดงรายละเอียดบรรณานุกรม
  กลับหน้าหลัก

Brief Record : Get Marc (ISO 2709) : E-mail record : QR code < ปิดหน้าต่าง
LEADER : 00000nam 2200000uu 4500
001    13399109852
003     ULIB
008    110412s2551||||th 000 0 tha d
020    9789744224606
060 04 WC528^bศ466น 2551
245 00 แนวทางการวินิจฉัยและรักษาโรคไข้เลือดออกเดงกี /^cบรรณาธิการ,ศิริเพ็ญ กัลยาณรุจ, สุจิตรา นิมมานนิตย์
250    พิมพ์ครั้งที่ 2
260    [นนทบุรี] :^bกระทรวงสาธารณสุข,^c2551
300    202 หน้า ;^c15 ซม.
650  7 ไข้เลือดออก^xการรักษา
650  7 ไข้เลือดออก^xการวินิจฉัย
650  7 เด็งกี^xการรักษา
650  7 เด็งกี^xการวินิจฉัย
700 0  ศิริเพ็ญ กัลยาณรุจ,^eบรรณาธิการ
700 0  สุจิตรา นิมมานนิตย์,^eบรรณาธิการ
710 2  กระทรวงสาธารณสุข
945    ^p0^l0^i025965
945    ^p0^l0^i025966
995    ทศพร
999 ^a ใช้งานได้ทุกระบบ
รายการนี้ยังไม่มีแท็ก
คุณยังไม่ได้ล็อกอิน คุณสามารถมีกิจกรรมร่วมกับเว็บไซต์ได้ แต่ต้องล็อกอินก่อน ::
  ล็อกอิน

รายการสื่อสารสนเทศ

ลำดับที่ ประเภท เลขเรียก/บาร์โค้ด สถานที่ สถานะ
- ไม่พบข้อมูล -

BibComment


ยังไม่เคยถูกคอมเมนท์

คอมเมนท์ทรัพยากรรายการนี้
  คอมเมนท์: แนวทางการวินิจฉัย..


 Copyright 2026. Bcnsprnw @Library